Accounting and information systems /

Bibliographic Details
Main Author: Wilkinson, Joseph W.
Format: Book
Language:English
Published: New York : Wiley, [1982]
Subjects:

MARC

Tag First Indicator Second Indicator Subfields
LEADER 00000pam a2200000 a 4500
001 in00000073941
005 20151008060102.0
008 810819s1982 nyua b 00110 eng
010 |a  81013153  
020 |a 0471049867 
035 |a (OCoLC)07741011 
035 |9 AAJ5096AM 
039 0 |a 2  |b 3  |c 3  |d 3  |e 3 
040 |a DLC  |c DLC  |d TXA  |d UtOrBLW 
049 |a TXAM  |c [1481954] 
050 0 0 |a HF5679  |b .W52 
082 0 |a 657/.028/54  |2 19 
100 1 |a Wilkinson, Joseph W. 
245 1 0 |a Accounting and information systems /  |c Joseph W. Wilkinson. 
264 1 |a New York :  |b Wiley,  |c [1982] 
264 4 |c ©1982 
300 |a xvi, 845 pages :  |b illustrations ;  |c 25 cm. 
336 |a text  |b txt  |2 rdacontent 
337 |a unmediated  |b n  |2 rdamedia 
338 |a volume  |b nc  |2 rdacarrier 
504 |a Includes bibliographies and index. 
650 0 |a Accounting  |x Data processing. 
650 0 |a Management information systems. 
999 |a MARS 
999 f f |s b7077c89-760c-357d-a633-ef2784d7648d  |i 96ecba76-649a-3409-ac1c-7ac66ca54db1  |t 0 
952 f f |p ric  |a Texas A&M University  |b Rellis Campus  |c Joint Library Facility  |d Remote Storage  |t 0  |e HF5679 .W52  |h Library of Congress classification  |i unmediated -- volume  |m A14806136199 
998 f f |a HF5679 .W52  |t 0  |l Remote Storage